| 000 | 00855nam a22002057a 4500 | ||
|---|---|---|---|
| 005 | 20100728153623.0 | ||
| 010 | _aENG-100319 | ||
| 020 |
_a9788184244151 _c350.00 |
||
| 035 | _aEN-83851 | ||
| 037 | _bDBAD/PUB | ||
| 082 | _a005 | ||
| 245 |
_aProceedings _cOrganised by Department of Computer Science and engineering Indian School of mines univtrsity, Jharkhand |
||
| 260 |
_aMumbai _bAllied Publishers _c2009 |
||
| 270 |
_a15 J.N. Heredia Marg, Ballard Estate, _bMumbai _e400001 |
||
| 300 |
_axx, 568p. _c29cm (Hb) |
||
| 500 | _aIncludes bibliographical references and index | ||
| 710 |
_aDepartment of Computer Science and engineering Indian School of mines univtrsity, Jharkhand _92211 |
||
| 942 |
_2ddc _cEN _h005 _mNAT |
||
| 999 |
_c41726 _d41726 |
||